| 000 | 00744nam a2200217Ia 4500 | ||
|---|---|---|---|
| 003 | GCL | ||
| 008 | 140319s9999 xx 000 0 ara d | ||
| 040 |
_aGCL / _cGCL |
||
| 082 | 0 | 4 |
_aط _b813.0876 _bر ع |
| 100 | 1 | _aندرة قبيعة | |
| 245 | 1 | 0 |
_aعالم الاطفال والكمبيوتر : صخرون وتاريخ الكمبيوتر / _cندرة قبيعة |
| 700 | 1 | _aهالة حسين عمر | |
| 700 | 1 | _aراتب احمد قبيعة | |
| 260 |
_a[S.N] : _bدار الراتب الجامعية |
||
| 300 |
_a16ص ؛ _c30سم |
||
| 490 |
_aعالم الاطفال والكمبيوتر _v6 |
||
| 650 | 0 | 4 | _aالادب العربى |
| 650 | 0 | 4 | _aقصص الاطفال |
| 650 | 0 | 4 | _aالقصص العلمية |
| 942 |
_2ddc _cBK |
||
| 999 |
_c57197 _d57197 |
||